00633nam a2200181Ia 4500008004100000020001800041050002400059100002100083245007600104250001200180260003600192300003300228440003700261500005100298521000900349650004900358650004400407140321s9999 xx 000 0 und d a9781448855209 aHD 69.S8b.W44 2012 aWeinick, Suzanne aProfessional connections :blearning how to network /cSuzanne Weinick. a1st ed. aNew York :bRosen Pub.,cc2012. a80 p. :bcol. ill. ;c24 cm. a(Communicating with confidence). aIncludes bibliographical references and index. aBSBA aBusiness communicationxJuvenile literature. aBusiness networksxJuvenile literature.